Responses for show #7944 - Thursday, March 7, 2019

Contestants

[<< previous game]

Hope Shinn, a librarian from Silver Spring, Maryland

Kristin Philips, a college program administrator from Mountlake Terrace, Washington

Dana Wayne, an educator from North Hollywood, California (whose 2-day cash winnings total $32,401)

[next game >>]

Jeopardy! Round responses

NATIVE AMERICAN $1 COINS
THIS & THAT
ELEMENTS
(Alex: You have to unscramble the dog name in...)
MIXED DOG BREEDS
READING TALK
STEAMED PUNK
    $200 26
New York City

Kristin
    $200 14
solar panels

Hope
    $200 19
lead

Kristin
    $200 9
dachshund

Dana
    $200 1
don't judge a book by its cover

Kristin
    $200 4
idiot

Dana
    $400 27
Hiawatha

Kristin
    $400 15
baking soda

Dana
    $400 20
sodium

Hope
    $400 10
a pointer

Kristin
    $400 2
(Kristin: [Without ringing in] What is five by five?)
(Alex: You have to ring in.)
(Kristin: Oh, I'm--)
[Kristin rings in.]
(Alex: There you go. Now you rang in.)
(Kristin: What is five by five?)
[Originally ruled incorrect; ruled correct before the Daily Double.]

I read you loud and clear (or five by five)

Kristin
    $400 5
the queen

Dana
    $600 28
the Missouri River

Hope
    $600 16
circumcision

Dana
    $600 21
platinum

Kristin
    $600 11
a Maltese

Kristin
    $600 3
every trick in the book

Triple Stumper
    $600 6
molasses

Kristin
    $800 29
[The end-of-round signal sounds.]

Jim Thorpe

Kristin
    $800 17
Costa Rica

Triple Stumper
    $800 22
cesium

Triple Stumper
    $800 12
malamute

Dana
    $800 23
(Dana: The books? What is the books?)
(Alex: Be more specific.)
(Dana: What is [*]?)

the record books

Dana
    $800 7
(Dana: Who is the Velvet Underground?)

The Clash

DanaKristin
    $1000 18
the Taj Mahal

Hope
    $1000 24
(Alex: Less than a minute now.)

tungsten

Dana
    $800 13
Pomeranian

Dana
    $1000 25
the fine print

Kristin
    $1000 8
Social Distortion

Kristin

Scores at the first commercial break (after clue 15):

Dana Kristin Hope
$2,000 $4,000 $200

Scores at the end of the Jeopardy! Round:

Dana Kristin Hope
$4,400 $7,200 $2,200

Double Jeopardy! Round responses

DAM / STRAIT
ILLEGAL BABY NAMES
THE DOCTORS
DRUNK ON LITERATURE
"SUPER"
SIZE IT
    $400 29
the Colorado River

Dana
    $400 9
Hermione

Hope
    $400 30
chemistry

Hope
    $400 1
James Bond

Dana
    $400 16
the Super Bowl

Kristin
    $400 24
the Titanic

Hope
    $800 6
the Bering Sea

Hope
    $800 11
Ikea

Kristin
    $800 15
Surgeon General

Dana
    $800 2
On the Road

Hope
    $800 19
supercalifragilisticexpialidocious

Kristin
    $2,000 25
Big Little Lies

Hope
    $1200 7
Sicily

Hope
    $1200 12
Linda

Dana
    $1200 17
Dr. Spock

Dana
    $1200 3
Hunter Thompson

Dana
    $1200 21
the superego

Kristin
    $1200 26
(Alex: With less than a minute.)

Tiny Toon

Dana
    $1600 8
concrete

Kristin
    $1600 13
strawberry

Dana
    $1600 18
the Rough Riders

Triple Stumper
    $1,800 4
Leaving Las Vegas

Dana
    $1600 22
a superdelegate

Kristin
    $1600 27
(Kristin: What is Peewee?)

Peewee's

KristinHope
    $2000 10
Pakistan

Hope
    $2000 14
Iceland

Kristin
    $2000 20
Elizabeth Blackwell

Triple Stumper
    $2000 5
The Sun Also Rises

Hope
    $2000 23
supercilious

Dana
    $2000 28
(Kristin: What is Magic Mike XL?)

Magic Mike XXL

KristinHope

Scores at the end of the Double Jeopardy! Round:

Dana Kristin Hope
$16,200 $12,000 $15,800

[wagering suggestions for these scores]

Final Jeopardy! Round responses

ART
KristinWhat is The Last Supper?
$8,500
HopeWhat is The Last Supper
$15,800
DanaWhat is The Last Supper?
$15,401
The Last Supper

Final scores:

Dana Kristin Hope
$31,601 $20,500 $31,600
3-day champion: $64,002 3rd place: $1,000 2nd place: $2,000

Game dynamics:

Coryat scores:

Dana Kristin Hope
$16,200 $12,000 $14,600
19 R
(including 2 DDs),
1 W
20 R,
2 W
15 R
(including 1 DD),
0 W

Combined Coryat: $42,800

The J! Archive is created by fans, for fans. The Jeopardy! game show and all elements thereof, including but not limited to copyright and trademark thereto, are the property of Jeopardy Productions, Inc. and are protected under law. This website is not affiliated with, sponsored by, or operated by Jeopardy Productions, Inc. Join the discussion at JBoard.tv.